Top 10 Countries that Produce the Most Wine - Statistics

General Stats
  • This quiz has been taken 163 times
  • The average score is 7 of 10
Answer Stats
Rank Country Production per Capita % Correct
4 France 65.08 kg
99%
3 Italy 68.19 kg
98%
2 Spain 68.64 kg
94%
5 Portugal 60.32 kg
85%
7 Australia 53.25 kg
83%
9 Argentina 35.22 kg
77%
1 Chile 104.23 kg
77%
6 New Zealand 55.92 kg
71%
10 Moldova 32.19 kg
19%
8 Macedonia 37.67 kg
8%
No matching quizzes found
Score Distribution
Percent of People with Each Score
Percentile by Number Answered
Your Score History
You have not taken this quiz